| 000 | 00969nam a2200145 4500 | ||
|---|---|---|---|
| 008 | 861.972.84 T253t | ||
| 020 | _a9789992387672 | ||
| 082 |
_a861.972.84 _bT253t |
||
| 100 |
_aEditorial Kalina _96800 |
||
| 245 |
_aTeatro bajo mi piel: _bpoesía salvadoreña contemporánea |
||
| 260 |
_aSan Salvador _bEditorial Kalina _c2014 |
||
| 300 |
_a290 p. _bill _c21,5 x 14 cm |
||
| 505 |
_tPrefacio _rFrancisco Aragón _tPalabras preliminares _tLa diáspora salvadoreña en Estados Unidos _rAna Patricia Rodríguez _tPájaro de carbón en lata y los blues, dialogo entre dos orillas _rTania Pleitez vela _tUna breve nota sobre el proceso de traducción _tFobiápolis _tRené Rodas (1962) _tOtoniel Guevara (1967) _tSusana Reyes (1971) _tJorge Galán (1973) _tRoxana Méndez (1979) _tKrisma Mancía (1980) _tElena Salamanca (1982) _tVladimir Amaya (1985) _tMiroslava Rosales (1985) _tBlues del Imigrante _tQuique Aviles (1965) _tJosé B. González (1967) |
||
| 650 |
_xliteratura _xpoesía _xEl Salvador _96801 |
||
| 999 |
_c1674 _d1674 |
||